[Event "GER-ch Blitz 2019"]
[Site "Magdeburg"]
[Date "2019.05.25"]
[Round "8.4"]
[White "Buhmann, Rainer"]
[Black "Svane, Frederik"]
[Result "1-0"]
[WhiteElo "2573"]
[BlackElo "2342"]
[Annotator "TA"]
[PlyCount "93"]
[EventDate "2019.05.25"]
[EventType "tourn"]
[EventCountry "GER"]
[SourceTitle "playchess.com"]
[Source "ChessBase"]
[SourceQuality "1"]

{[%evp 13,93,52,59,57,57,64,59,-4,55,48,78,2,84,75,77,70,82,78,96,74,109,66,72,66,48,0,45,36,80,39,53,42,164,162,200,158,202,114,97,28,25,17,25,57,66,74,151,138,125,80,362,351,343,343,442,433,521,513,513,495,497,497,464,281,235,83,254,154,204,127,152,118,436,386,754,765,29985,29986,29986,29987,29987,29988]} 1. d4 Nf6 2. c4 g6 3. Nc3 Bg7 4. e4 d6 5. Be2 O-O 6. Be3 e5 7. d5 Na6 8. g4 {E73: King's Indian: Averbakh Variation without 6...c5} Nc5 9. f3 $1 h5 10. h4 ({Better is} 10. g5 $14) 10... c6 $146 (10... hxg4 $11 11. Bxc5 gxf3 12. Bxf3 dxc5) ({Predecessor:} 10... a5 11. g5 Nh7 12. Nh3 f5 13. Nf2 f4 14. Bd2 Rf7 15. Qc2 Bf8 {½-½ (74) Ganguly,S (2650)-Narayanan,S (2530) Bhubaneswar 2018}) 11. b4 $14 Na6 12. a3 (12. g5 $16) 12... Nc7 (12... cxd5 $11 {keeps the balance.} 13. cxd5 hxg4) 13. g5 Nfe8 14. Nh3 cxd5 15. cxd5 Bd7 16. Nf2 f5 17. Nd3 Nb5 18. Nxb5 {Threatens to win with Nc3.} Bxb5 19. Nf2 Bd7 20. Bd3 a5 21. O-O b5 22. Qe2 a4 (22... f4 $14 23. Bd2 axb4) 23. Bxb5 $18 fxe4 24. fxe4 {And now Bc6 would win.} Rb8 {[#]} 25. Bxd7 ({White should play} 25. Bc6 $1 $18) 25... Qxd7 $16 26. Kg2 (26. Qa6 $16) 26... Nc7 $11 27. Qd3 Nb5 28. Rac1 $36 {[%mdl 2048] White is more active.} Rf7 29. Rc6 Nd4 30. Bxd4 $1 exd4 31. Qh3 Qe7 $2 {[%mdl 8192]} (31... Qxh3+ $16 {was worth a try.} 32. Nxh3 Rxf1 33. Kxf1 d3) 32. Qe6 $18 Qxe6 33. dxe6 Re7 34. Rxd6 Rbe8 35. Nd3 Rxe6 36. Rxe6 Rxe6 {[%mdl 4096] Endgame [#] KRB-KRN} 37. e5 $1 {[%mdl 512]} Rc6 {Now ...Rc3 and Black clings on.} (37... Bxe5 38. Re1) 38. Rf3 Rc2+ {[#]} 39. Kg3 $2 (39. Kf1 $1 $18) 39... Rc3 $2 (39... Re2 $16) 40. e6 Bf8 41. Nc5 Bd6+ 42. Kg2 Rc2+ $2 {[%mdl 8192]} (42... Bxc5 $16 43. bxc5 Rxc5) 43. Rf2 Rc3 $2 (43... d3 44. Nxd3 Rc3) 44. Ne4 {[%mdl 64] Double Attack} Rc6 45. Nxd6 {White mates.} Rxd6 46. e7 Re6 47. Rf8+ {Accuracy: White = 49%, Black = 23%.} 1-0

[Event "GER-ch Blitz 2019"]
[Site "Magdeburg"]
[Date "2019.05.25"]
[Round "8.9"]
[White "Stein, Robert"]
[Black "Voege, Tobias"]
[Result "1-0"]
[WhiteElo "2318"]
[BlackElo "2294"]
[Annotator "TA"]
[PlyCount "33"]
[EventDate "2019.05.25"]
[EventType "tourn"]
[EventCountry "GER"]
[SourceTitle "playchess.com"]
[Source "ChessBase"]
[SourceQuality "1"]

{[%evp 12,137,31,29,41,38,44,43,35,36,45,40,33,41,41,51,53,30,47,38,55,43,66,65,83,81,92,86,92,84,118,112,133,88,102,108,87,86,220,185,175,64,60,70,125,116,206,206,206,212,525,518,499,486,552,268,1188,1176,1114,1085,988,929,946,252,252,239,229,116,1161,271,289,245,293,238,443,216,132,124,29952,29952,29978,29980,29979,29980,29991,29991,29991,29986,29953,97,262,297,1109,820,1579,765,2554,2312,29971,29972,29965,6833,29979,6115,29971,5181,29984,29985,29985,29986,29986,29985,29984,29985,29985,29986,29987,29987,29987,29988,29989,29990,29990,29991,29991,29992,29992,520]} 1. d4 d5 2. c4 Nc6 3. cxd5 Qxd5 4. e3 e5 5. Nc3 Bb4 6. a3 Bxc3+ 7. bxc3 Nf6 {D07: Queen's Gambit: Chigorin Defence} 8. c4 Qd6 {[%cal Re5d4]} (8... Qd8 9. d5 Nb8 10. Bb2 Nbd7 11. Nf3 Qe7 12. Be2 Ne4 13. O-O f6 14. a4 b6 15. Ba3 {0-1 (103) Ding,L (2766)-Ivanchuk,V (2710) Huaian 2016}) 9. d5 Nb8 {[%cal Bc6b8,Bb8d7,Bd7c5][%mdl 32] White is slightly better.} 10. a4 Nbd7 11. Ba3 Nc5 12. Nf3 Bg4 13. Be2 b6 $146 ({Predecessor:} 13... Bxf3 14. Bxf3 e4 15. Be2 {1-0 (78) Aczel,G (2549)-Ghannoum,M (2280) Budapest 2018}) 14. O-O O-O 15. Nd2 Bxe2 16. Qxe2 Nfd7 {[#]} 17. e4 {Played: Nd2-e4} 1-0

[Event "GER-ch Blitz 2019"]
[Site "Magdeburg"]
[Date "2019.05.25"]
[Round "28.3"]
[White "Hirneise, Jens"]
[Black "Schmaltz, Roland"]
[Result "0-1"]
[WhiteElo "2375"]
[BlackElo "2461"]
[Annotator "TA"]
[PlyCount "60"]
[EventDate "2019.05.25"]
[EventType "tourn"]
[EventCountry "GER"]
[SourceTitle "playchess.com"]
[Source "ChessBase"]
[SourceQuality "1"]

{[%evp 9,60,-43,43,32,29,32,43,35,43,45,52,-16,97,6,110,75,96,95,110,105,102,110,138,144,248,250,251,0,0,-29,-37,-42,-43,-43,-46,-42,-46,-48,-45,-37,-45,-58,-51,-78,-74,-150,-144,-194,-79,-106,-106,-695,-693]} 1. e4 d6 2. d4 Nf6 3. Nc3 e5 4. Nf3 Nbd7 5. g4 (5. Bc4 Be7 6. a4 O-O 7. O-O c6 8. Re1 a5 9. h3 Nb6 10. Ba2 Nfd7 11. Be3 exd4 12. Bxd4 Nc5 13. Bxc5 dxc5 14. Qe2 Qd6 15. Rad1 Qg6 16. Ne5 Qg5 17. Nf3 Qg6 18. Ne5 Qg5 19. Nf3 Qg6 20. Ne5 Qg5 {½-½ (20) Fressinet,L (2650)-Ponomariov,R (2663) Germany 2019}) 5... g6 (5... Nxg4 $15 6. Bg5 Ngf6) 6. g5 $14 {C41: Philidor Defence} Nh5 $1 7. Be3 Bg7 8. Qd2 {White is slightly better.} O-O 9. O-O-O c6 10. Ne2 (10. Be2 $14) 10... Re8 $146 (10... Nb6 $1 $11) ({Predecessor:} 10... b5 11. Ng3 Nf4 12. Bxf4 exf4 13. Qxf4 {0-1 (43) Bukhteeva,V (2220)-Krapivin,V (2327) Pardubice 2017}) 11. Ng3 (11. dxe5 $1 $16 Nxe5 12. Nxe5 Bxe5 13. f4) 11... Nf4 (11... exd4 $11 {remains equal.} 12. Bxd4 Bxd4 13. Nxd4 Nxg3 14. hxg3 Rxe4) 12. Bxf4 exf4 13. Qxf4 Nf8 14. h4 ({Resist} 14. Bc4 d5 $14) 14... Ne6 15. Qd2 Qb6 16. h5 c5 (16... a5 $16 {might work better.}) 17. hxg6 $18 hxg6 {[#]} 18. c3 $2 (18. Nf5 $1 $18) 18... cxd4 $11 19. cxd4 Bd7 $36 {[%mdl 2048] Hoping for ...Ba4. Black has good play.} 20. Kb1 Ba4 21. Rc1 Rac8 ({Inferior is} 21... Bxd4 22. Nxd4 Qxd4 23. Qxd4 $16) 22. Bc4 Nxd4 23. Nxd4 Qxd4 ({Of course not} 23... Bxd4 $6 24. b3 $14) 24. Qxd4 Bxd4 25. b3 Bc6 26. Rc2 Rxe4 27. Rd1 (27. Nxe4 $142 Bxe4 28. f3 Bxc2+ 29. Kxc2) 27... Rg4 $17 28. Bd5 {[#]} Be5 (28... Bc5 $1 $19 29. Bxc6 Rxc6) 29. Ne4 Rxe4 30. Bxc6 $2 {[%mdl 8192]} (30. Rxc6 $17 bxc6 31. Bxe4) 30... Rxc6 {Accuracy: White = 40%, Black = 33%.} 0-1

[Event "GER-ch Blitz 2019"]
[Site "Magdeburg"]
[Date "2019.05.25"]
[Round "29.1"]
[White "Gustafsson, Jan"]
[Black "Stein, Robert"]
[Result "0-1"]
[WhiteElo "2639"]
[BlackElo "2318"]
[Annotator "TA"]
[PlyCount "112"]
[EventDate "2019.05.25"]
[EventType "tourn"]
[EventCountry "GER"]
[SourceTitle "playchess.com"]
[Source "ChessBase"]
[SourceQuality "1"]

{[%evp 15,112,30,41,38,68,74,74,78,95,91,97,93,129,93,86,77,85,54,79,30,31,39,35,41,66,67,67,57,64,57,66,52,42,36,44,33,42,43,40,41,43,30,33,27,83,60,64,59,58,44,47,43,51,48,55,40,45,54,53,44,93,-69,-77,-70,-22,-31,-14,-53,-77,-100,81,64,320,320,311,308,445,434,1633,1552,1127,931,29980,29981,29981,29982,5927,823,819,820,710,669,634,415,510,487,596,-29998,-29999]} 1. d4 Nf6 2. c4 e6 3. Nf3 Bb4+ 4. Nbd2 d5 5. Qa4+ Nc6 6. a3 Be7 7. e3 O-O 8. Qc2 a5 9. b3 {E11: Bogo-Indian} a4 $146 ({Predecessor:} 9... Nb8 10. Bb2 b6 11. Bd3 Bb7 12. O-O Nbd7 13. Ne5 h6 14. cxd5 Nxe5 15. dxe5 Nxd5 16. Rad1 Qd7 {½-½ (31) Wojtaszek,R (2735)-Granda Zuniga,J (2663) Tromsoe 2014}) 10. b4 $1 Nb8 11. Bb2 {White is better.} c6 12. Bd3 Nbd7 13. O-O b6 14. e4 dxe4 15. Nxe4 Bb7 16. c5 Ba6 17. Bxa6 Rxa6 18. cxb6 Nxe4 19. Qxe4 Rxb6 20. Rac1 Nf6 21. Qc2 Qa8 22. Ne5 Rc8 23. Rfe1 Nd5 24. Qe4 Bf6 25. Nd3 Be7 26. h3 Bd6 27. Rc4 Rb7 28. Rec1 Rbc7 29. Nc5 Bxc5 (29... Rd8 $11 {remains equal.}) 30. dxc5 Re7 31. Be5 Ree8 32. Qg4 {[%csl Ge5][%cal Rg4g7]} f6 33. Bd6 Qb7 34. Re1 Qf7 35. Qd1 Ra8 36. Qd3 e5 37. g3 Nc7 38. Qe4 $2 (38. Bxc7 $1 $16 Qxc7 39. Rcc1) 38... Nb5 $1 $15 {Strongly threatening ...f5.} 39. Re3 Nd4 40. Rc1 Re6 41. b5 f5 42. Qg2 {[#]} e4 $2 (42... f4 $1 $17 {[%cal Rf4e3] keeps the pressure on.} 43. Ree1 f3) 43. b6 $16 Nf3+ $2 {[%mdl 8192]} ({Black should try} 43... Nb5 $14) 44. Rxf3 $1 $18 exf3 45. Qxf3 Rae8 (45... Qb7 $142 46. Qxf5 Rae8) 46. Qxc6 Re1+ (46... f4 $142) 47. Rxe1 Rxe1+ {[%mdl 4096] Endgame KQR-KQB} 48. Kg2 Qc4 49. Qc8+ {[%mdl 64] [#] Double Attack} Kf7 50. Qxf5+ {[%mdl 64] Double Attack} Ke8 51. Qf8+ (51. g4 $142 Qf1+ 52. Kg3) 51... Kd7 52. Qxg7+ {[%mdl 64] Double Attack} Kc6 53. Qc7+ Kb5 54. Qd7+ Ka6 55. Qc8+ Kb5 {( -> ...Qd5+)} 56. b7 $4 {[%mdl 8192]} (56. g4 $18 Ra1 57. b7 Qf1+ 58. Kg3 Rxa3+ 59. Kh4 Qxf2+ 60. Kg5 Qd2+ 61. Bf4 h6+ 62. Kg6 Qxf4 63. b8=Q+ Qxb8 64. Qxb8+ Kc4 65. c6) 56... Qe4+ 0-1

[Event "GER-ch Blitz 2019"]
[Site "Magdeburg"]
[Date "2019.05.25"]
[Round "29.8"]
[White "Kirchner, Thomas"]
[Black "Schneider, Ilja"]
[Result "0-1"]
[WhiteElo "2311"]
[BlackElo "2494"]
[Annotator "TA"]
[PlyCount "94"]
[EventDate "2019.05.25"]
[EventType "tourn"]
[EventCountry "GER"]
[SourceTitle "playchess.com"]
[Source "ChessBase"]
[SourceQuality "1"]

{[%evp 9,94,20,14,2,2,7,14,20,5,0,0,-19,34,43,73,37,37,48,42,18,57,65,94,103,91,95,117,49,49,0,36,35,35,49,60,53,72,31,37,25,30,20,43,24,125,8,10,0,7,0,0,0,0,-5,0,-2,16,16,16,16,18,0,0,-476,-52,-29985,-29985,-29987,-29988,-29988,-29989,-29995,-728,-627,-697,-608,-499,-29964,-1778,-29986,-29974,-29990,-29978,-12840,-9820,-6095,-5658]} 1. e4 Nc6 2. Bc4 Nf6 (2... e6 3. Nc3 Nf6 4. d3 d5 5. Bb5 dxe4 6. Bxc6+ bxc6 7. Nxe4 Nxe4 8. dxe4 Qxd1+ 9. Kxd1 Ba6 10. Be3 {0-1 (45) Savchenko,B (2633)-Arutinian,D (2527) Almaty 2016}) 3. d3 d5 4. exd5 Nxd5 5. Nf3 Bg4 6. h3 {B00: Queen's Fianchetto Defence, Nimzowitsch Defence} Bh5 7. O-O e6 8. Re1 {The position is equal.} Be7 9. c3 O-O 10. Bb3 $146 ({Predecessor:} 10. d4) 10... Bd6 ({Black should play} 10... Na5 $11) 11. d4 $14 Nce7 12. Nbd2 c6 13. Ne4 Bc7 14. Ng3 Bxg3 15. fxg3 Qc7 16. g4 $1 {[%cal Rg4h5]} Bg6 17. Ne5 c5 18. Nxg6 (18. c4 $16 Nf6 19. Bf4) 18... Nxg6 19. Qf3 (19. Bxd5 $5 exd5 20. dxc5 $14) 19... Rad8 20. Bg5 Rd7 21. Rad1 h6 22. Bc1 $1 Rfd8 23. dxc5 Qxc5+ 24. Kh1 b5 25. a3 a5 26. Bc2 Nge7 {[#]} (26... b4 $11 {keeps the balance.}) 27. Rd4 (27. Rf1 $1 $16 f5 28. gxf5 exf5 29. Bxf5 Nxf5 30. Qxf5) 27... b4 $11 28. axb4 axb4 29. Red1 bxc3 30. bxc3 Nc6 $36 {[%mdl 2048] Black fights for an advantage.} 31. R4d2 Ne5 32. Qe4 Nxc3 33. Qh7+ Kf8 34. Rxd7 Rxd7 35. Rxd7 Nxd7 36. Qh8+ ({Avoid the trap} 36. Bb2 $2 Ne2 $19) (36. Qd3 $1 $11 Ke8 37. Bb2) 36... Ke7 $15 {( -> ...Ne2!)} 37. Qxg7 $2 {[%mdl 8192] [#]} (37. Qa8 $15 Nb5 38. Qa2) 37... Ne2 $1 {[%csl Ge2,LRc1,LRc2][%cal Rc5g1][%mdl 512]} 38. Be3 Qxe3 {[%csl Ge2][%cal Re3g1]} 39. Qa1 Ne5 40. Ba4 {[#]} Qf4 (40... Nf3 $142 $1 41. Qa3+ (41. gxf3 Qxf3+) 41... Qxa3 42. g3 Qe3 43. Kg2 Ne1+ 44. Kh2 Qg1#) 41. Bb5 $19 Ng3+ 42. Kg1 Kf6 43. h4 (43. Qe1 $19) 43... Qxg4 (43... Qe3+ $142 44. Kh2 Ke7 45. Qa4 Ne4 46. Qb4+ Kf6 47. Qb2 Nc3 48. g5+ hxg5 49. g3 gxh4 50. gxh4 Nxb5 51. Qg2 Nf3+ {[%mdl 64] Double Attack} 52. Kh3 Nbd4 53. Qg8 Ne2 54. Qh8+ Ke7 55. Qg7 Qf2 56. Qg5+ Nxg5+ 57. Kg4 Nf3 58. h5 Qg3#) 44. h5 Qh4 45. Kf2 Nf5+ 46. Kg1 Qd4+ 47. Qxd4 Nxd4 {Accuracy: White = 34%, Black = 46%.} 0-1